000
00311nam a22001337a 4500
008
170619b xxu||||| |||| 00| 0 eng d
020
_a
9781567656183
041
_a
eng
080
_2
2ND
_a
328
100
_a
20
101
_a
SHP
245
_a
REVIEWING U.S. HISTORY AND GOVERNMENT
_c
PEISER,A
942
_2
udc
_c
BK
999
_c
18008
_d
18008